000 01429cam a2200397 4500
008 090401t1997 xxu||||| |||| 00| 0 eng d
020 _a0117534137
035 _a(Sirsi) u80877
041 _aeng
050 _a711.1
_c18
110 _aUnited Kingdom
_bDepartment of the Environment, Transport and the Regions
_93507
245 _aMinerals planning guidance notes
_brevocation, modification, discontinuance, prohibition and suspension orders - Town and Country Planning (Compensation for Restrictions on Mineral Working and Mineral Waste Depositing) Regulations 1997
250 _aRevised ed.
260 _aLondon
_bStationery Office
_c1997
300 _a9p.
_c30cm.
350 _a10
490 _aMPG
_v4
520 _aView at www.planning.odpm.gov.uk.
520 _aSupersedes MPG4 issued 1988 (ISBN 0117521426).
650 _aCOMPENSATION
650 _aDISCONTINUANCE ORDERS
650 _aMINERAL WASTE DEPOSITING
650 _aMINERALS DEVELOPMENT
650 _aMINERALS PERMISSIONS
650 _aMINERALS PLANNING AUTHORITIES
650 _aMINERALS WORKINGS
650 _aMODIFICATION ORDERS
650 _aMPG4
650 _aPROHIBITION ORDERS
650 _aREVOCATION ORDERS
650 _aSUSPENSION ORDERS
690 _aMINING AND MINERALS
856 _uhttps://www.communities.gov.uk/index.asp?id=1144169
_vView the guidance on the ODPM website...
942 _n0
948 _c12/09/1997
999 _c96647
_d96647